[Event "MCR senioru 2013 - 60"]
[Site "?"]
[Date "2013.08.17"]
[Round "1.1"]
[White "Vorobyov, Yrij"]
[Black "Kasik, Miroslav"]
[Result "1-0"]
[WhiteElo "2235"]
[BlackElo "1875"]
[PlyCount "67"]

1. Nf3 d5 2. g3 Nf6 3. Bg2 c5 4. O-O e6 5. d4 cxd4 6. Nxd4 Nc6 7. c4 Be7 8. Nc3
Nxd4 9. Qxd4 O-O 10. cxd5 exd5 11. Nxd5 Nxd5 12. Qxd5 Qxd5 13. Bxd5 Rd8 14. e4
Rb8 15. Bf4 Bd6 16. Be3 b6 17. Rac1 Ba6 18. Rfd1 Rbc8 19. Kg2 Rxc1 20. Rxc1 Rc8
21. Rxc8+ Bxc8 22. b3 Kf8 23. Bd4 f6 24. f4 Bd7 25. Kf3 Be8 26. e5 fxe5 27.
Bxe5 Bxe5 28. fxe5 Ke7 29. Ke4 Bd7 30. Bg8 h6 31. Kd5 Be8 32. a4 Bd7 33. e6 Be8
34. Bf7 1-0

[Event "MCR senioru 2013 - 60"]
[Site "?"]
[Date "2013.08.17"]
[Round "1.2"]
[White "Volek, Stanislav"]
[Black "Mlynek, Petr"]
[Result "0-1"]
[WhiteElo "1849"]
[BlackElo "2192"]
[PlyCount "75"]

1. d4 d5 2. Nf3 c6 3. Bf4 Nf6 4. c3 Bf5 5. e3 e6 6. Nbd2 Nh5 7. Qb3 Qb6 8. Bg3
Nxg3 9. hxg3 h6 10. Ne5 f6 11. Nef3 Nd7 12. c4 Bd6 13. c5 Qxb3 14. axb3 Bc7 15.
b4 Ke7 16. b5 Rhb8 17. b4 e5 18. Nb3 Nf8 19. Na5 Bd7 20. b6 axb6 21. cxb6 Bd6
22. Rb1 exd4 23. Nxd4 Bxb4+ 24. Rxb4 Rxa5 25. Nb3 Ra3 26. Be2 Ne6 27. Nc1 Rba8
28. O-O Nc5 29. Bf3 Bf5 30. Ne2 Bd3 31. Rd1 Ra1 32. Nc3 Rxd1+ 33. Nxd1 Ra1 34.
Kh2 Kd6 35. Nc3 Ra3 36. Ne2 Bxe2 37. Bxe2 Ra2 38. Bf1 0-1

[Event "MCR senioru 2013 - 60"]
[Site "?"]
[Date "2013.08.17"]
[Round "1.3"]
[White "Furman, Boris"]
[Black "Truksa, Vaclav"]
[Result "1-0"]
[WhiteElo "2164"]
[BlackElo "1871"]
[PlyCount "47"]

1. d4 Nf6 2. c4 g6 3. Nc3 Bg7 4. Bg5 d6 5. Nf3 O-O 6. e3 c5 7. d5 h6 8. Bh4 Bf5
9. Bd3 Qd7 10. h3 Bxd3 11. Qxd3 Na6 12. O-O Nc7 13. Nd2 a6 14. a4 Rab8 15. f4
b5 16. axb5 axb5 17. Ra7 bxc4 18. Nxc4 Rfc8 19. e4 Qe8 20. e5 dxe5 21. fxe5 Nh7
22. d6 Qd7 23. Rxc7 Rxc7 24. dxc7 1-0

[Event "MCR senioru 2013 - 60"]
[Site "?"]
[Date "2013.08.17"]
[Round "1.4"]
[White "Kolek, Josef"]
[Black "Uhmann, Jan"]
[Result "0-1"]
[WhiteElo "1864"]
[BlackElo "2137"]
[PlyCount "114"]

1. e4 e5 2. Nf3 Nc6 3. Bb5 a6 4. Ba4 Nf6 5. Bxc6 dxc6 6. d3 Bd6 7. Bg5 Bg4 8.
Nbd2 h6 9. Bh4 g5 10. Bg3 Qe7 11. Nc4 Nd7 12. Ne3 Be6 13. h4 g4 14. Nd2 h5 15.
Qe2 O-O-O 16. Ndc4 f6 17. O-O-O Qh7 18. Kb1 Rhg8 19. Qe1 Qf7 20. Nxd6+ cxd6 21.
Qa5 Nb8 22. b3 Qc7 23. Qc3 c5 24. Qd2 Nc6 25. c3 b5 26. Rc1 Kb7 27. Qb2 Qh7 28.
Rhd1 f5 29. exf5 Bxf5 30. Qe2 Be6 31. Kb2 Qg7 32. a3 Qf7 33. Qc2 Na5 34. c4 Qg7
35. Qc3 Nc6 36. Nc2 bxc4 37. bxc4 Ka7 38. Ka1 Rb8 39. Rb1 Qc7 40. Rxb8 Rxb8 41.
Rb1 Rg8 42. Qd2 Qg7 43. Qc3 Qc7 44. Bh2 Qa5 45. Qxa5 Nxa5 46. Bg3 Bf5 47. Ne1
Nc6 48. Rd1 Nd4 49. Bh2 Kb6 50. Ka2 Kc7 51. Rd2 Kc6 52. f4 exf4 53. Bxf4 Re8
54. Bg3 Ne2 55. Rxe2 Rxe2+ 56. Kb3 Bxd3 57. Kc3 Be4 0-1

[Event "MCR senioru 2013 - 60"]
[Site "?"]
[Date "2013.08.17"]
[Round "1.5"]
[White "Gasik, Piotr"]
[Black "Gunnarsson, Leif"]
[Result "1-0"]
[WhiteElo "2136"]
[BlackElo "1831"]
[PlyCount "61"]

1. c4 e5 2. Nc3 Nc6 3. g3 Nf6 4. Bg2 g6 5. Nf3 Bg7 6. d4 exd4 7. Nxd4 Nxd4 8.
Qxd4 O-O 9. O-O d6 10. Qd3 Nd7 11. b3 Ne5 12. Qd2 Nc6 13. Bb2 Be6 14. Rac1 Qd7
15. Ne4 f5 16. Ng5 Bxb2 17. Qxb2 Bf7 18. Nxf7 Kxf7 19. Bd5+ Ke8 20. Rc3 f4 21.
Bg2 g5 22. Qd2 Rb8 23. c5 Ne5 24. cxd6 Qxd6 25. Qxd6 cxd6 26. Rc7 Rf7 27. Rxf7
Nxf7 28. gxf4 gxf4 29. Rc1 b5 30. Rc7 a5 31. Bd5 1-0

[Event "MCR senioru 2013 - 60"]
[Site "?"]
[Date "2013.08.17"]
[Round "1.6"]
[White "Vesely, Emanuel"]
[Black "Novotny, Josef"]
[Result "0-1"]
[WhiteElo "1867"]
[BlackElo "2129"]
[PlyCount "38"]

1. e4 e6 2. Nf3 d6 3. d4 Nf6 4. Nc3 Be7 5. Bd3 Nc6 6. a3 e5 7. d5 Nb8 8. h3 O-O
9. Be3 Nbd7 10. g4 c6 11. g5 Nh5 12. Rg1 g6 13. dxc6 bxc6 14. Bc4 Nb6 15. Bf1
Be6 16. b3 Qc7 17. Qe2 d5 18. exd5 cxd5 19. Bxb6 Qxc3+ 0-1

[Event "MCR senioru 2013 - 60"]
[Site "?"]
[Date "2013.08.17"]
[Round "1.7"]
[White "Jablecnik, Gustav"]
[Black "Parpel, Petr"]
[Result "1/2-1/2"]
[WhiteElo "2112"]
[BlackElo "1777"]
[PlyCount "44"]

1. e4 c5 2. Bc4 d6 3. d3 f6 4. Bxg8 Rxg8 5. Qh5+ g6 6. Qxh7 Be6 7. Ne2 Nc6 8.
c3 Qd7 9. f4 O-O-O 10. Be3 Rg7 11. Qh4 g5 12. Qf2 gxf4 13. Bxf4 Ne5 14. Bxe5
fxe5 15. c4 Rf7 16. Qe3 Rf6 17. Qd2 Bh6 18. Qa5 Kb8 19. Nbc3 Rdf8 20. a3 Rf2
21. b4 b6 22. Qa4 Qxa4 1/2-1/2

[Event "MCR senioru 2013 - 60"]
[Site "?"]
[Date "2013.08.17"]
[Round "1.8"]
[White "Haderka, Karel"]
[Black "Juricek, Stanislav"]
[Result "0-1"]
[WhiteElo "1871"]
[BlackElo "2101"]
[PlyCount "116"]

1. c4 c5 2. Nc3 Nf6 3. g3 d5 4. cxd5 Nxd5 5. Bg2 Nc7 6. Qb3 Nd7 7. d3 e6 8. Nh3
Be7 9. O-O O-O 10. Nf4 Rb8 11. a4 b6 12. Nb5 a6 13. Na7 Bb7 14. Nc6 Bxc6 15.
Bxc6 Ne5 16. Bg2 Qd7 17. Rd1 Nc6 18. e3 Rfd8 19. Bxc6 Qxc6 20. d4 Qf3 21. Qc2
cxd4 22. Rxd4 Rxd4 23. exd4 Nd5 24. Nxd5 Qxd5 25. Be3 g6 26. Rc1 b5 27. Qc7 Rb7
28. Qc8+ Kg7 29. Rc6 Rb8 30. Qxb8 Qxc6 31. axb5 Qxb5 32. Qe5+ Qxe5 33. dxe5 h5
34. h4 Kf8 35. Kg2 Ke8 36. Kf3 Kd7 37. Ke4 Kc6 38. f3 Kb5 39. Kd3 Bb4 40. Bf2
Ba5 41. b3 Bb4 42. g4 Ba5 43. Ke4 Bc3 44. Kd3 Kb4 45. gxh5 gxh5 46. Kc2 Bxe5
47. Be1+ Kc5 48. Kd3 Kd5 49. Bf2 Bf4 50. Be1 f5 51. Bf2 e5 52. Be1 e4+ 53.
fxe4+ fxe4+ 54. Ke2 Ke6 55. Kf2 Kf5 56. Kg2 Kg4 57. Bf2 Bd2 58. Kf1 Kf3 0-1

[Event "MCR senioru 2013 - 60"]
[Site "?"]
[Date "2013.08.17"]
[Round "1.9"]
[White "Pittermann, Jan"]
[Black "Vlacil, Vladimir"]
[Result "0-1"]
[WhiteElo "1844"]
[BlackElo "2058"]
[PlyCount "61"]

1. e4 c5 2. d4 cxd4 3. c3 d3 4. Bxd3 d6 5. Ne2 Nf6 6. O-O Nc6 7. Nd2 e6 8. Nd4
Be7 9. Bc2 Bd7 10. Qe2 Rc8 11. N2f3 Qa5 12. Rd1 a6 13. h3 Qh5 14. Nh2 Qxe2 15.
Nxe2 Na5 16. f4 Bc6 17. e5 dxe5 18. fxe5 Nd7 19. Bf4 Nc4 20. b3 Ncxe5 21. Be3
Nf6 22. b4 Bb5 23. Nd4 Nd5 24. Nxb5 Nxe3 25. Nd6+ Bxd6 26. Rxd6 Nxc2 27. Rad1
Ne3 28. Rc1 Ke7 29. Rb6 Rc7 30. Rd6 Rcc8 31. Rd2 0-1

[Event "MCR senioru 2013 - 60"]
[Site "?"]
[Date "2013.08.17"]
[Round "1.10"]
[White "Most, Zdenek"]
[Black "Dusbaba, Petr"]
[Result "1/2-1/2"]
[WhiteElo "2046"]
[BlackElo "1831"]
[PlyCount "117"]

1. d4 Nf6 2. Nf3 e6 3. g3 d5 4. Bg2 c5 5. O-O Nc6 6. c4 dxc4 7. Qa4 Bd7 8. Qxc4
Rc8 9. Nc3 Be7 10. dxc5 Na5 11. Qd3 Bxc5 12. Ne5 O-O 13. Bg5 Bc6 14. Qxd8 Rfxd8
15. Nxc6 Nxc6 16. Rfd1 h6 17. Bxf6 gxf6 18. Rxd8+ Rxd8 19. Bxc6 bxc6 20. Rd1
Rxd1+ 21. Nxd1 Kg7 22. Kg2 e5 23. Kf3 f5 24. Nc3 e4+ 25. Kg2 Kf6 26. e3 Ke5 27.
Kh3 Bb4 28. Kh4 Bxc3 29. bxc3 Kd5 30. Kh5 Kc4 31. Kxh6 Kxc3 32. h4 c5 33. h5 c4
34. Kg5 Kd3 35. h6 c3 36. h7 c2 37. h8=Q c1=Q 38. Kxf5 Qc5+ 39. Qe5 Qc6 40.
Qd4+ Ke2 41. Qxe4 Qg6+ 42. Ke5 Qe6+ 43. Kf4 Qxa2 44. Qf3+ Kd2 45. e4 a5 46.
Qe3+ Kd1 47. Qd3+ Qd2+ 48. Qxd2+ Kxd2 49. Kf5 a4 50. Kf6 a3 51. Kxf7 a2 52. e5
a1=Q 53. f4 Qc3 54. e6 Qxg3 55. f5 Qh3 56. f6 Qh7+ 57. Kf8 Qf5 58. Kf7 Qh7+ 59.
Kf8 1/2-1/2

[Event "MCR senioru 2013 - 60"]
[Site "?"]
[Date "2013.08.17"]
[Round "1.11"]
[White "Papan, Cyril"]
[Black "Splitek, Lubos"]
[Result "1-0"]
[WhiteElo "2034"]
[BlackElo "1773"]
[PlyCount "53"]
[SourceDate "2013.08.17"]

1. d4 Nf6 2. c4 g6 3. g3 Bg7 4. Bg2 d6 5. Nf3 O-O 6. Nc3 Nbd7 7. O-O e5 8. e4
Re8 9. d5 Nc5 10. Ne1 a5 11. Bg5 h6 12. Bd2 Nh5 13. h3 f5 14. exf5 Nxg3 15.
fxg3 Bxf5 16. g4 Bd7 17. Ne4 Na4 18. Qc2 Rf8 19. Nd3 Qe7 20. b3 Nc5 21. Ndxc5
dxc5 22. Rxf8+ Qxf8 23. Be3 b6 24. Rf1 Qe7 25. Qd2 Kh7 26. d6 cxd6 27. Ng5+ 1-0

[Event "MCR senioru 2013 - 60"]
[Site "?"]
[Date "2013.08.17"]
[Round "1.12"]
[White "Svec, Ludek"]
[Black "Trojan, Lubos"]
[Result "0-1"]
[WhiteElo "1755"]
[BlackElo "2016"]
[PlyCount "80"]
[SourceDate "2013.08.17"]

1. Nf3 d5 2. d4 e6 3. g3 c5 4. Bg2 Nc6 5. c3 Be7 6. O-O Nf6 7. Bf4 O-O 8. Nbd2
b6 9. Ne5 Bb7 10. Nxc6 Bxc6 11. Nf3 Rc8 12. Rc1 Ne4 13. Ne5 Ba8 14. Qa4 f6 15.
Nd3 c4 16. Ne1 Bc6 17. Qd1 g5 18. Be3 Nd6 19. f4 g4 20. Bf2 f5 21. Nc2 Ne4 22.
Be1 Qe8 23. e3 Nf6 24. Qe2 Kh8 25. Qd1 Rg8 26. Bf2 Rg6 27. Be1 Kg7 28. Qe2 h5
29. Kf2 Qd7 30. Rh1 h4 31. Kg1 h3 32. Bf1 a5 33. Na3 Rh6 34. Nb1 Rhh8 35. Nd2
b5 36. Nb1 b4 37. Nd2 Rb8 38. Nb1 Rb6 39. cxb4 axb4 40. b3 Qb7 0-1

[Event "MCR senioru 2013 - 60"]
[Site "?"]
[Date "2013.08.17"]
[Round "1.13"]
[White "Vlachopulos, Elefteris"]
[Black "Hlavac, Frantisek"]
[Result "1/2-1/2"]
[WhiteElo "1725"]
[BlackElo "2011"]
[PlyCount "78"]
[SourceDate "2013.08.17"]

1. d4 Nf6 2. Nf3 g6 3. c4 Bg7 4. Nc3 O-O 5. e4 d6 6. Be2 c5 7. dxc5 Qa5 8. O-O
Qxc5 9. Be3 Qa5 10. Qc2 Nc6 11. a3 Ng4 12. Bd2 a6 13. h3 Nf6 14. Nd5 Qd8 15.
Bc3 Ne8 16. Rad1 e6 17. Ne3 Qc7 18. Bxg7 Nxg7 19. Qd2 Ne8 20. Ng4 h5 21. Ngh2
Kg7 22. Qg5 Qe7 23. Qg3 e5 24. Rd2 Be6 25. Rfd1 Rh8 26. Nf1 f6 27. Ne3 Qf7 28.
Nd5 Ne7 29. h4 Nxd5 30. exd5 Bg4 31. Nh2 Bxe2 32. Rxe2 Rc8 33. b3 Qc7 34. a4
Kf7 35. Nf1 Qd7 36. f4 Ng7 37. fxe5 dxe5 38. Ne3 Nf5 39. Nxf5 gxf5 1/2-1/2

[Event "MCR senioru 2013 - 60"]
[Site "?"]
[Date "2013.08.17"]
[Round "1.14"]
[White "Portych, Vaclav"]
[Black "Chmelik, Jiri"]
[Result "0-1"]
[WhiteElo "1794"]
[BlackElo "2002"]
[PlyCount "80"]
[SourceDate "2013.08.17"]

1. c4 e5 2. Nc3 Nf6 3. Nf3 Nc6 4. g3 Bb4 5. Bg2 O-O 6. O-O Re8 7. a3 Bxc3 8.
dxc3 d6 9. h3 Be6 10. b3 h6 11. Be3 Qe7 12. Nd2 d5 13. Qc2 Qd7 14. Kh2 d4 15.
cxd4 exd4 16. Bf4 Bf5 17. Qd1 g5 18. e4 Bg6 19. e5 Nh7 20. Nf3 gxf4 21. gxf4
Rad8 22. Nh4 Ne7 23. Bxb7 c6 24. Ba6 Nf5 25. Nxg6 fxg6 26. c5 Nf8 27. Bc4+ Kh7
28. Rg1 d3 29. Qg4 Nd4 30. Qxd7+ Rxd7 31. Rgd1 Nde6 32. Rxd3 Rxd3 33. Bxd3 Nxf4
34. Be4 Rxe5 35. Bxc6 Rxc5 36. Be4 Kg7 37. b4 Rc3 38. f3 N8e6 39. h4 Kf6 40. a4
Rb3 0-1

[Event "MCR senioru 2013 - 60"]
[Site "?"]
[Date "2013.08.17"]
[Round "1.16"]
[White "Drabek, Miloslav"]
[Black "Wiedermann, Jan"]
[Result "1-0"]
[WhiteElo "1990"]
[BlackElo "1787"]
[PlyCount "113"]
[SourceDate "2013.08.17"]

1. d4 d5 2. Nf3 Nf6 3. c4 e6 4. g3 Nbd7 5. Nbd2 c6 6. Bg2 Be7 7. Qc2 h6 8. O-O
O-O 9. e4 Nxe4 10. Nxe4 dxe4 11. Qxe4 Nf6 12. Qc2 c5 13. Rd1 cxd4 14. Nxd4 Qa5
15. h3 a6 16. Be3 Rb8 17. a3 Bd7 18. b4 Qc7 19. Rac1 Rbc8 20. Re1 Rfe8 21. Bf4
Bd6 22. Bxd6 Qxd6 23. Qc3 Qc7 24. Qc2 Rcd8 25. Rcd1 Qc8 26. Qc3 e5 27. Nb3 Bxh3
28. Rxd8 Rxd8 29. Qxe5 Bxg2 30. Kxg2 Qc6+ 31. Kg1 Re8 32. Qc3 Rxe1+ 33. Qxe1
Qxc4 34. Na5 Qd5 35. Qc3 b6 36. Nc6 Qd1+ 37. Kg2 Qe2 38. Nd4 Qe5 39. Qc8+ Kh7
40. Nf3 Qd5 41. Qxa6 Ne4 42. Qxb6 g5 43. Qd4 Qb7 44. Kh2 f6 45. Qd3 Kg7 46. Nd4
Nxf2 47. Ne6+ Kh8 48. Qd8+ Kh7 49. Qc7+ Qxc7 50. Nxc7 Nd3 51. Nd5 Kg6 52. a4
Ne5 53. a5 Nc6 54. a6 Na7 55. Nc7 Kf7 56. b5 Ke7 57. b6 1-0

[Event "MCR senioru 2013 - 60"]
[Site "?"]
[Date "2013.08.17"]
[Round "1.17"]
[White "Just, Pavel"]
[Black "Burdilak, Milan"]
[Result "1-0"]
[WhiteElo "1989"]
[BlackElo "1784"]
[PlyCount "87"]
[SourceDate "2013.08.17"]

1. e4 e6 2. d4 d5 3. e5 c5 4. Nf3 Bd7 5. Bd3 Nc6 6. O-O f5 7. exf6 Nxf6 8. Re1
Be7 9. c3 O-O 10. Nbd2 cxd4 11. cxd4 Qc7 12. Nb3 Rae8 13. Ne5 Bc8 14. f4 a5 15.
Be3 Bd6 16. Rc1 Re7 17. Nd2 Qb6 18. Nb3 Bd7 19. Qe2 Be8 20. Nc5 Bxc5 21. Rxc5
Nd7 22. Nxd7 Bxd7 23. a3 Nd8 24. Qc2 g6 25. Bd2 Nc6 26. Qc3 Rfe8 27. g3 Qa7 28.
Kg2 Kf7 29. Be3 Rc8 30. Qc2 b6 31. Rc3 Qb7 32. h4 Be8 33. h5 Kg7 34. h6+ Kxh6
35. f5+ Kg7 36. fxe6 Na7 37. Bg5 Rxc3 38. bxc3 Rc7 39. Qf2 Nc6 40. Bb5 h6 41.
Qf6+ Kh7 42. Bxh6 Rc8 43. Rh1 Qe7 44. Bf8+ 1-0

[Event "MCR senioru 2013 - 60"]
[Site "?"]
[Date "2013.08.17"]
[Round "1.18"]
[White "Baraniuk, Andrej"]
[Black "Zboril, Jaroslav"]
[Result "0-1"]
[WhiteElo "1653"]
[BlackElo "1979"]
[PlyCount "86"]
[SourceDate "2013.08.17"]

1. c4 d6 2. Nc3 e5 3. g3 f5 4. d3 Nf6 5. Bg2 Nc6 6. Bg5 Be7 7. Nf3 O-O 8. O-O
h6 9. Bxf6 Bxf6 10. Nd5 Ne7 11. Nxf6+ Rxf6 12. Rc1 Bd7 13. b4 g5 14. e3 Ng6 15.
b5 Qe7 16. Nd2 c6 17. a4 Rff8 18. Qe2 a6 19. b6 Qd8 20. a5 Be6 21. f4 Qe7 22.
Qh5 Kg7 23. Qe2 Rae8 24. fxe5 dxe5 25. c5 Qd7 26. Nc4 Bxc4 27. Rxc4 Rd8 28. d4
Qe7 29. Rd1 exd4 30. Rcxd4 Rxd4 31. Rxd4 Qxc5 32. Rd7+ Rf7 33. Qd2 Ne5 34. Rc7
f4 35. gxf4 gxf4 36. Rxf7+ Kxf7 37. Qf2 Qxe3 38. Qxe3 fxe3 39. Kf1 Ke7 40. Ke2
Kd6 41. Bh3 Nc4 42. Bc8 Nxa5 43. Kxe3 c5 0-1

[Event "MCR senioru 2013 - 60"]
[Site "?"]
[Date "2013.08.17"]
[Round "1.19"]
[White "Kotva, Milan"]
[Black "Silar, Ladislav"]
[Result "1-0"]
[WhiteElo "1970"]
[BlackElo "1856"]
[PlyCount "43"]
[SourceDate "2013.08.17"]

1. e4 e6 2. d4 d5 3. Nc3 Nf6 4. e5 Nfd7 5. f4 c5 6. Nf3 Nc6 7. Ne2 Be7 8. c3 f6
9. g3 O-O 10. exf6 Nxf6 11. Bg2 cxd4 12. Nexd4 Bc5 13. O-O Ne4 14. Be3 Qe7 15.
Re1 Bd7 16. Qd3 e5 17. Nxc6 Bxe3+ 18. Qxe3 bxc6 19. Nxe5 Bf5 20. Qd4 Qd6 21.
Bxe4 Bxe4 22. Rxe4 1-0

[Event "MCR senioru 2013 - 60"]
[Site "?"]
[Date "2013.08.17"]
[Round "1.20"]
[White "Fiser, Jiri"]
[Black "Istel, Oldrich"]
[Result "1-0"]
[WhiteElo "1970"]
[BlackElo "1801"]
[PlyCount "47"]
[SourceDate "2013.08.17"]

1. e4 a6 2. d4 b5 3. Bd3 Bb7 4. Nf3 Nf6 5. Qe2 e6 6. Bg5 Be7 7. Nbd2 Nc6 8. c3
h6 9. Be3 O-O 10. h3 d6 11. g4 Nh7 12. h4 g5 13. O-O-O b4 14. c4 d5 15. exd5
exd5 16. Bxh7+ Kxh7 17. hxg5 dxc4 18. Rxh6+ Kg7 19. Nxc4 Qd5 20. Nh4 Bc8 21.
Nf5+ Bxf5 22. gxf5 Rh8 23. f6+ Bxf6 24. gxf6+ 1-0

[Event "MCR senioru 2013 - 60"]
[Site "?"]
[Date "2013.08.17"]
[Round "1.23"]
[White "Jirasek, Jiri"]
[Black "Rychtecky, Pavel"]
[Result "1-0"]
[WhiteElo "1952"]
[BlackElo "1741"]
[PlyCount "53"]
[SourceDate "2013.08.17"]

1. d4 Nf6 2. c4 e6 3. Nf3 d5 4. Nc3 c6 5. e3 Nbd7 6. Bd3 dxc4 7. Bxc4 Be7 8.
O-O O-O 9. Qe2 b5 10. Bd3 Bb7 11. Rd1 a6 12. e4 b4 13. Na4 c5 14. Nxc5 Nxc5 15.
dxc5 Qc7 16. Bg5 Qxc5 17. Rac1 Qa5 18. Bb1 Rfd8 19. e5 Bxf3 20. gxf3 Nd5 21.
Rxd5 Rxd5 22. Bxe7 Rxe5 23. Qc2 f5 24. f4 Rd5 25. Qc6 Rb8 26. Qxe6+ Kh8 27.
Rc8+ 1-0

[Event "MCR senioru 2013 - 50"]
[Site "?"]
[Date "2013.08.17"]
[Round "1.1"]
[White "Papacek, Milos"]
[Black "Lorenc, Oldrich"]
[Result "1/2-1/2"]
[WhiteElo "1815"]
[BlackElo "2137"]
[PlyCount "72"]

1. e4 g6 2. d4 Bg7 3. Nc3 d6 4. Bc4 Nc6 5. Be3 Nf6 6. f3 O-O 7. Qd2 a6 8. a3 b5
9. Ba2 b4 10. axb4 Nxb4 11. Bc4 a5 12. Na4 d5 13. exd5 Nfxd5 14. Bf2 Nb6 15.
Bb3 Ba6 16. Nc5 Bc4 17. c3 Bxb3 18. Nxb3 Nc6 19. Ne2 Qd5 20. Qc2 e5 21. dxe5
Bxe5 22. O-O Qc4 23. Rfd1 Nb4 24. Qe4 Qxb3 25. Qxe5 Nc2 26. Rab1 Rfe8 27. Qxc7
Rxe2 28. Bxb6 a4 29. Rd8+ Re8 30. Rbd1 Qxb2 31. Rxa8 Rxa8 32. Rd8+ Rxd8 33.
Qxd8+ Kg7 34. Bd4+ Nxd4 35. Qxd4+ Kf8 36. Qd8+ Kg7 1/2-1/2

[Event "MCR senioru 2013 - 50"]
[Site "?"]
[Date "2013.08.17"]
[Round "1.3"]
[White "Korinkova, Eva"]
[Black "Chladek, Vaclav"]
[Result "1-0"]
[WhiteElo "1775"]
[BlackElo "2065"]
[PlyCount "49"]

1. e4 e5 2. Nf3 Nc6 3. Bb5 Nf6 4. Nc3 d6 5. d4 exd4 6. Nxd4 Bd7 7. O-O Be7 8.
b3 O-O 9. Bxc6 bxc6 10. Bb2 c5 11. Nde2 Re8 12. Qd3 Rb8 13. Rfe1 c6 14. Rad1
Qc7 15. Nf4 Rbd8 16. Qg3 Be6 17. Nxe6 fxe6 18. e5 Nd5 19. Ne4 Bf8 20. exd6 Qf7
21. c4 Qf4 22. cxd5 Qxg3 23. hxg3 exd5 24. Nxc5 Bxd6 25. Nb7 1-0

[Event "MCR senioru 2013 - 50"]
[Site "?"]
[Date "2013.08.17"]
[Round "1.4"]
[White "Malinovsky, Petr"]
[Black "Cvejn, Jaroslav"]
[Result "1-0"]
[WhiteElo "1980"]
[BlackElo "1746"]
[PlyCount "63"]

1. d4 Nf6 2. c4 e6 3. Nc3 Bb4 4. f3 d5 5. e3 O-O 6. Bd3 Nc6 7. Nge2 e5 8. cxd5
Nxd5 9. e4 Nxc3 10. bxc3 Ba5 11. d5 Nd4 12. Bd2 Nxe2 13. Qxe2 Qd6 14. c4 Bxd2+
15. Qxd2 Qc5 16. Qf2 Qa3 17. Rd1 b6 18. O-O Qd6 19. f4 exf4 20. Qh4 Qe5 21.
Qxf4 Qxf4 22. Rxf4 g6 23. c5 Rb8 24. c6 b5 25. Rb1 a6 26. a4 b4 27. e5 a5 28.
d6 Be6 29. Bc4 cxd6 30. exd6 Bxc4 31. Rxc4 Rfc8 32. c7 1-0

[Event "MCR senioru 2013 - 50"]
[Site "?"]
[Date "2013.08.17"]
[Round "1.5"]
[White "Zoufaly, Petr"]
[Black "Vlachopulos, Georgis"]
[Result "0-1"]
[WhiteElo "1716"]
[BlackElo "1971"]
[PlyCount "92"]

1. d4 g6 2. Nf3 Bg7 3. c4 d5 4. e3 Nf6 5. Be2 Nc6 6. Nc3 O-O 7. O-O Bg4 8. a3
a6 9. b4 dxc4 10. Bxc4 e6 11. Be2 Nd5 12. Bb2 Nce7 13. h3 Nxc3 14. Bxc3 Nd5 15.
Bb2 Bxf3 16. Bxf3 Qg5 17. Rc1 c6 18. Rc5 f5 19. Bc1 Qh4 20. Qb3 Rfe8 21. Bxd5
exd5 22. Qd1 Bf8 23. Rc3 Bd6 24. Qf3 Rf8 25. Rb3 g5 26. Qd1 g4 27. f4 gxf3 28.
Qxf3 Rf6 29. Bd2 Raf8 30. Be1 Qg5 31. Qe2 Rg6 32. Rf3 Qe7 33. Qf2 Qe4 34. Kf1
Kg7 35. a4 Rf7 36. b5 axb5 37. axb5 c5 38. dxc5 Bxc5 39. Rf4 Qe6 40. Bc3+ Kg8
41. Bd4 Bd6 42. Rf3 Qe4 43. Qa2 Rc7 44. Qb2 Rc2 45. Qa1 Rgxg2 46. Qa8+ Bf8 0-1

[Event "MCR senioru 2013 - 50"]
[Site "?"]
[Date "2013.08.17"]
[Round "1.6"]
[White "Masek, Jan"]
[Black "Kubelova, Sona"]
[Result "1-0"]
[WhiteElo "1959"]
[BlackElo "1711"]
[PlyCount "55"]

1. e4 Nc6 2. d4 d5 3. e5 e6 4. f4 Nge7 5. Nf3 Ng6 6. Be3 Bb4+ 7. c3 Be7 8. Bd3
Bh4+ 9. g3 Be7 10. Nbd2 a6 11. Qc2 Bd7 12. O-O Nf8 13. Ng5 h6 14. Nh3 Na7 15.
b4 Bb5 16. a4 Bxd3 17. Qxd3 c6 18. Nb3 f5 19. exf6 Bxf6 20. Nc5 Qc8 21. Rae1
Be7 22. f5 Bxc5 23. bxc5 exf5 24. Rxf5 Qd7 25. Bg5+ Ne6 26. Nf4 h5 27. Nxe6 Qc8
28. Qe3 1-0

[Event "MCR senioru 2013 - 50"]
[Site "?"]
[Date "2013.08.17"]
[Round "1.7"]
[White "Hovad, Vaclav"]
[Black "Humlicek, Vojtech"]
[Result "0-1"]
[WhiteElo "1698"]
[BlackElo "1952"]
[PlyCount "70"]

1. d4 Nf6 2. c4 g6 3. Nc3 d5 4. cxd5 Nxd5 5. e4 Nxc3 6. bxc3 Bg7 7. Bc4 c5 8.
Ne2 O-O 9. O-O Nc6 10. Be3 Na5 11. Qd3 cxd4 12. cxd4 Bd7 13. Rab1 Nxc4 14. Qxc4
b5 15. Qd3 Qa5 16. a3 Rfc8 17. Bd2 Qd8 18. Rfc1 e6 19. Nc3 a6 20. d5 exd5 21.
exd5 Bxc3 22. Bxc3 Bf5 23. Qd4 Rxc3 24. Qxc3 Bxb1 25. Rxb1 Qxd5 26. Re1 Rd8 27.
h3 Qd4 28. Qc6 Rd6 29. Qc8+ Kg7 30. Re8 Qf4 31. Rg8+ Kf6 32. Qc3+ Kg5 33. h4+
Kh5 34. g3 Rd1+ 35. Kh2 Qxf2+ 0-1

[Event "MCR senioru 2013 - 50"]
[Site "?"]
[Date "2013.08.17"]
[Round "1.8"]
[White "Peroutka, Ivo"]
[Black "Volfova, Milena"]
[Result "1-0"]
[WhiteElo "1919"]
[BlackElo "1683"]
[PlyCount "115"]

1. d4 d5 2. c4 dxc4 3. Nc3 e6 4. e3 Nf6 5. Bxc4 Bd7 6. Nf3 Be7 7. O-O O-O 8.
Qc2 Nc6 9. a3 h6 10. b4 a6 11. Bb2 Nh7 12. Rad1 Qc8 13. Ne4 Nf6 14. Ng3 b5 15.
Ba2 Qb7 16. Bb1 g6 17. Ne5 Nxe5 18. dxe5 Nd5 19. e4 Nb6 20. Bc1 Kg7 21. Be3
Rad8 22. Qc1 Rh8 23. f4 Nc4 24. Bd4 Bc6 25. Qc3 Bh4 26. Qf3 Bxg3 27. hxg3 Rd7
28. g4 Rhd8 29. f5 Kg8 30. fxe6 fxe6 31. Qf6 Bxe4 32. Qxe6+ Kh8 33. Rf8+ Rxf8
34. Qxd7 Kg8 35. e6 c5 36. Bxe4 Qxd7 37. exd7 cxd4 38. Rxd4 Rd8 39. Bd5+ Kf8
40. Bxc4 bxc4 41. Rxc4 Rxd7 42. Rc6 Kf7 43. Rxa6 Rd4 44. b5 Rd1+ 45. Kh2 Rb1
46. a4 Rb4 47. Kh3 Rb3+ 48. g3 Rb1 49. b6 Ke7 50. a5 g5 51. Ra7+ Kd8 52. Rh7
Kc8 53. Kg2 Rb2+ 54. Kf3 Rb3+ 55. Ke4 Rb4+ 56. Kd5 Rb1 57. Kc6 Rc1+ 58. Kb5 1-0

[Event "MCR senioru 2013 - 50"]
[Site "?"]
[Date "2013.08.17"]
[Round "1.9"]
[White "Ruffer, Vaclav"]
[Black "Nemec, Otakar"]
[Result "0-1"]
[WhiteElo "1657"]
[BlackElo "1919"]
[PlyCount "108"]

1. d4 Nf6 2. c4 g6 3. Nc3 d5 4. e3 Bg7 5. Nf3 O-O 6. Be2 c5 7. h3 cxd4 8. exd4
dxc4 9. Bxc4 Nc6 10. Be3 Bf5 11. a3 Rc8 12. Ba2 Ne4 13. Rc1 Nxc3 14. bxc3 Be4
15. O-O Bd5 16. Qe2 Bxa2 17. Qxa2 e6 18. Rfd1 Qe7 19. Re1 Qd7 20. Red1 b5 21.
Ne5 Nxe5 22. dxe5 Qc7 23. f4 a6 24. Rd3 Qb7 25. Qf2 Rfd8 26. Rxd8+ Rxd8 27. Bc5
Qd5 28. Bd6 Rc8 29. Qe2 Qc6 30. Qd3 Bf8 31. Bxf8 Kxf8 32. Kf1 Qc4 33. Qxc4 Rxc4
34. g3 Ke7 35. Ke2 h5 36. h4 Ra4 37. Ra1 Kd7 38. Kd3 Kc6 39. Kc2 Kd5 40. Kd3 a5
41. Rb1 Kc5 42. Rb3 Kb6 43. Ke3 Kc6 44. Kd2 Re4 45. Kd3 Re1 46. c4 Rd1+ 47. Kc2
bxc4 48. Rc3 Rd4 49. Kc1 Kc5 50. Kc2 Rd7 51. Re3 Rb7 52. Rc3 a4 53. Re3 Rb3 54.
Rc3 Kd4 0-1

[Event "MCR senioru 2013 - 50"]
[Site "?"]
[Date "2013.08.17"]
[Round "1.10"]
[White "Habada, Jindrich"]
[Black "Plachetka, Milan"]
[Result "1-0"]
[WhiteElo "1886"]
[BlackElo "1623"]
[PlyCount "43"]

1. e4 c5 2. Nc3 d6 3. Nge2 Nf6 4. d4 cxd4 5. Nxd4 e5 6. Nf3 Be7 7. Bc4 O-O 8.
h3 Nc6 9. Bb3 Na5 10. O-O Nxb3 11. axb3 b6 12. Re1 Bb7 13. Bg5 Qd7 14. Nxe5 Qe6
15. Nf3 h6 16. Bf4 Rfd8 17. Nd4 Qd7 18. Nf5 Bf8 19. f3 Kh7 20. Ne3 a6 21. Qd3
Rac8 22. e5+ 1-0

[Event "MCR senioru 2013 - 50"]
[Site "?"]
[Date "2013.08.17"]
[Round "1.11"]
[White "Zamarska, Dagmar"]
[Black "Mares, Ilja"]
[Result "0-1"]
[WhiteElo "1486"]
[BlackElo "1817"]
[PlyCount "88"]

1. d4 Nf6 2. c4 g6 3. Nc3 Bg7 4. e4 d6 5. Nf3 O-O 6. Bg5 h6 7. Bxf6 exf6 8. Bd3
Nc6 9. O-O Bg4 10. Be2 f5 11. d5 Ne7 12. h3 Bxf3 13. Bxf3 Bxc3 14. bxc3 Kh7 15.
Re1 f4 16. e5 Ng8 17. e6 Qg5 18. exf7 Rxf7 19. Re6 Re7 20. Be4 Rxe6 21. dxe6
Rb8 22. Qa4 a6 23. Qd7+ Qe7 24. Rb1 b6 25. Re1 Rd8 26. Qxe7+ Nxe7 27. Bd3 Kg7
28. Re4 g5 29. h4 Re8 30. g3 Ng6 31. gxf4 Nxf4 32. Bc2 Rxe6 33. hxg5 hxg5 34.
Kh2 Kf6 35. Kg3 Rxe4 36. Bxe4 Ne2+ 37. Kg4 Nxc3 38. Bc6 Nxa2 39. f3 Nc3 40. f4
gxf4 41. Kxf4 a5 42. Ke3 Ke5 43. Kd3 Nd1 44. Ba4 Nb2+ 0-1